| 000 | 00327cam a2200133ua 4500 | ||
|---|---|---|---|
| 999 |
_c14811 _d14811 |
||
| 020 | _a9789351343479 | ||
| 082 |
_a621.801 _bRAT/TH |
||
| 100 |
_aRattan, S.S . _91335 |
||
| 245 | _aTheory of Machines / | ||
| 250 | _a4th | ||
| 260 |
_aNew Delhi : _bTata Mc-Graw Hill Publishing Company , _c2016 |
||
| 300 | _a796p | ||
| 942 | _cBK | ||